The personnel of state departments of education, (Record no. 22173)

MARC details
000 -LEADER
fixed length control field 01244cam a22002771 4500
001 - CONTROL NUMBER
control field e 52000029
003 - CONTROL NUMBER IDENTIFIER
control field DLC
005 - DATE AND TIME OF LATEST TRANSACTION
control field 20260227111234.0
008 - FIXED-LENGTH DATA ELEMENTS--GENERAL INFORMATION
fixed length control field 791205s1952 dcua f000 0 eng c
010 ## - LIBRARY OF CONGRESS CONTROL NUMBER
LC control number e 52000029
035 ## - SYSTEM CONTROL NUMBER
System control number (OCoLC)5761297
040 ## - CATALOGING SOURCE
Original cataloging agency U.S. Office of Education Library
Transcribing agency IPB
Modifying agency OCoLC
-- ISS
-- DLC
042 ## - AUTHENTICATION CODE
Authentication code premarc
050 00 - LIBRARY OF CONGRESS CALL NUMBER
Classification number L111
Item number .A614 no. 16
051 ## - LIBRARY OF CONGRESS COPY, ISSUE, OFFPRINT STATEMENT
Classification number LB2809.A2
Item number B385
086 0# - GOVERNMENT DOCUMENT CLASSIFICATION NUMBER
Classification number FS 5.30:16
100 1# - MAIN ENTRY--PERSONAL NAME
Personal name Beach, Fred Francis,
Dates associated with a name 1905-
245 14 - TITLE STATEMENT
Title The personnel of state departments of education,
Statement of responsibility, etc. by Fred F. Beach and Andrew H. Gibbs, in cooperation with the Study Commission of the National Council of Chief State School Officers.
260 ## - PUBLICATION, DISTRIBUTION, ETC.
Place of publication, distribution, etc. [Washington]
Name of publisher, distributor, etc. Federal Security Agency, Office of Education
Date of publication, distribution, etc. [1952]
300 ## - PHYSICAL DESCRIPTION
Extent vi, 46 p.
Other physical details tables.
Dimensions 29 cm.
410 20 - SERIES STATEMENT/ADDED ENTRY--CORPORATE NAME [OBSOLETE, CAN/MARC], [LOCAL, USA]
Corporate name or jurisdiction name as entry element U.S. Office of Education.
Title of a work Misc[ellaneous]
Volume number/sequential designation no. 16
501 ## - WITH NOTE
With note L111.A614 with: Keystones of good staff relationships / Ellsworth Tompkins. Washington : Federal Security Agency, Office of Education, 1951. Bound together subsequent to publication.
Institution to which field applies DLC
650 #0 - SUBJECT ADDED ENTRY--TOPICAL TERM
Topical term or geographic name entry element State departments of education.
650 #0 - SUBJECT ADDED ENTRY--TOPICAL TERM
Topical term or geographic name entry element School management and organization
Geographic subdivision United States.
700 1# - ADDED ENTRY--PERSONAL NAME
Personal name Gibbs, Andrew Harris,
Dates associated with a name 1900-
Relator term joint author.

No items available.

Powered by Koha